[Event "Piraeus"]
[Site "Piraeus"]
[Date "2024.05.02"]
[Round "9"]
[White "Nikolaidis, Ioannis"]
[Black "Sahib, Singh"]
[Result "0-1"]
[WhiteElo "2508"]
[BlackElo "2290"]
[PlyCount "124"]
[EventDate "2024.04.25"]
[EventType "tourn"]
[EventRounds "9"]
[EventCountry "GRE"]
[EventCategory "6"]
[SourceTitle "CB19_2024"]
[SourceDate "2024.05.08"]
[SourceVersion "1"]
[SourceVersionDate "2024.05.08"]
[SourceQuality "1"]

1. d4 d5 2. Nf3 Nf6 3. c4 c6 4. e3 Bf5 5. Bd2 e6 6. Bc3 Nbd7 7. Nbd2 h6 8. Be2 a5 9. 0-0 Bd6 10. Qb3 Qb8 11. a4 Ra7 12. Rfc1 Ne4 13. h3 Bc7 14. Nxe4 dxe4 15. Nd2 Qd8 16. Qd1 Qg5 17. Qf1 h5 18. f4 Qg6 19. Qf2 Qh6 20. Nf1 g5 21. Bd2 h4 22. Nh2 Rg8 23. Ng4 Bxg4 24. hxg4 f5 25. gxf5 exf5 26. Ra3 c5 27. d5 Kd8 28. d6 Bxd6 29. Rd1 Kc8 30. Bc1 Ra6 31. Rd5 Qh7 32. Bd2 Nf6 33. Bc3 Nxd5 34. cxd5 c4 35. Bxc4 Bxa3 36. bxa3 Rag6 37. Bf1 h3 38. Qc2 gxf4 39. Be5+ Kd8 40. Qc5 b6 41. Qc3 Rf8 42. Ba6 Qd7 43. Bb5 Qc8 44. Bc6 Rxg2+ 45. Kh1 Rg6 46. Bxf4 Qa6 47. Bb5 Qb7 48. Qe5 Rfg8 49. Bh2 Qc8 50. Bf1 Qc1 51. Qb8+ Kd7 52. Qb7+ Ke8 53. Qb8+ Kf7 54. Qf4 Rg5 55. d6 Qd1 56. Bg3 Qf3+ 57. Qxf3 exf3 58. Bc4+ Ke8 59. Bb5+ Kd8 60. Bh4 Kc8 61. Kh2 Rg2+ 62. Kxh3 Rh8 0-1

[Event "Piraeus"]
[Site "Piraeus"]
[Date "2024.05.01"]
[Round "8"]
[White "Sahib, Singh"]
[Black "Alexakis, Dimitris"]
[Result "1-0"]
[WhiteElo "2290"]
[BlackElo "2443"]
[PlyCount "69"]
[EventDate "2024.04.25"]
[EventType "tourn"]
[EventRounds "9"]
[EventCountry "GRE"]
[EventCategory "6"]
[SourceTitle "CB19_2024"]
[SourceDate "2024.05.08"]
[SourceVersion "1"]
[SourceVersionDate "2024.05.08"]
[SourceQuality "1"]

1. e4 c5 2. Nf3 e6 3. d4 cxd4 4. Nxd4 Nc6 5. Nc3 Qc7 6. g3 a6 7. Bg2 Nf6 8. 0-0 Nxd4 9. Qxd4 Bc5 10. Bf4 d6 11. Qd2 h6 12. Rad1 e5 13. Be3 Bb4 14. Nb5 axb5 15. Qxb4 Rxa2 16. Rxd6 0-0 17. Rd2 Be6 18. Rfd1 Qc4 19. Qxc4 bxc4 20. c3 Rc8 21. h3 Kh7 22. f4 Rc7 23. Bb6 Rd7 24. Bd8 Rxd2 25. Rxd2 exf4 26. gxf4 Nh5 27. f5 Bc8 28. Bc7 b5 29. Bf3 Nf6 30. e5 Ng8 31. Be4 Ra7 32. Bb8 Rd7 33. Rxd7 Bxd7 34. e6 Be8 35. Bc6 1-0

[Event "Titled Tuesday intern op 23rd Apr Late"]
[Site "Chess.com INT"]
[Date "2024.04.23"]
[Round "5"]
[White "Miladinovic, Igor"]
[Black "Sahib, Singh"]
[Result "0-1"]
[WhiteElo "2489"]
[BlackElo "2290"]
[PlyCount "60"]
[EventDate "2024.04.23"]
[EventType "swiss (blitz)"]
[EventRounds "11"]
[EventCountry "USA"]
[SourceTitle "CB18_2024"]
[SourceDate "2024.05.01"]
[SourceVersion "1"]
[SourceVersionDate "2024.05.01"]
[SourceQuality "2"]

1. d4 e6 2. e4 d5 3. Nc3 Nf6 4. e5 Nfd7 5. f4 c5 6. Nf3 Nc6 7. Be3 Be7 8. Bb5 0-0 9. 0-0 a6 10. Bxc6 bxc6 11. Na4 cxd4 12. Nxd4 Qc7 13. c3 c5 14. Nf3 Bb7 15. b4 d4 16. cxd4 cxb4 17. Rc1 Qa5 18. Nc5 Nxc5 19. dxc5 Rac8 20. Nd2 Bxc5 21. Rxc5 Rxc5 22. Nb3 Qxa2 23. Rf2 Rd5 24. Nd4 Qa3 25. Qe1 Rfd8 26. Rd2 Qc3 27. Qf2 Qc1+ 28. Qf1 Qxf1+ 29. Kxf1 a5 30. Kf2 a4 0-1

[Event "Titled Tuesday intern op 16th Apr Early"]
[Site "Chess.com INT"]
[Date "2024.04.16"]
[Round "11"]
[White "Rohit, S3."]
[Black "Sahib, Singh"]
[Result "1-0"]
[WhiteElo "2359"]
[BlackElo "2290"]
[PlyCount "61"]
[EventDate "2024.04.16"]
[EventType "swiss (blitz)"]
[EventRounds "11"]
[EventCountry "USA"]
[SourceTitle "CB17_2024"]
[SourceDate "2024.04.24"]
[SourceVersion "1"]
[SourceVersionDate "2024.04.24"]
[SourceQuality "1"]

1. e4 e6 2. d4 d5 3. Nc3 Nf6 4. Bg5 Bb4 5. e5 h6 6. Bc1 Ne4 7. Qg4 g6 8. Nge2 c5 9. a3 Bxc3+ 10. Nxc3 Qa5 11. b4 cxb4 12. Nxe4 dxe4 13. Bd2 Qd5 14. Bxb4 Nc6 15. Rd1 a5 16. c4 Qd8 17. Bd6 a4 18. Qxe4 Bd7 19. Bd3 Qa5+ 20. Rd2 Qb6 21. Bc5 Qa5 22. Qf4 b6 23. Bd6 f5 24. exf6 Kf7 25. 0-0 Qc3 26. d5 Nd4 27. Qg3 Nf5 28. Bxf5 Qxg3 29. Bxe6+ Bxe6 30. dxe6+ Kxe6 31. hxg3 1-0

[Event "Titled Tuesday intern op 16th Apr Early"]
[Site "Chess.com INT"]
[Date "2024.04.16"]
[Round "4"]
[White "Sahib, Singh"]
[Black "Spichkin, Alexander"]
[Result "1-0"]
[WhiteElo "2290"]
[BlackElo "2035"]
[PlyCount "99"]
[EventDate "2024.04.16"]
[EventType "swiss (blitz)"]
[EventRounds "11"]
[EventCountry "USA"]
[SourceTitle "CB17_2024"]
[SourceDate "2024.04.24"]
[SourceVersion "1"]
[SourceVersionDate "2024.04.24"]
[SourceQuality "1"]

1. e4 e5 2. Nf3 d6 3. d4 Nd7 4. Nc3 Ngf6 5. Bc4 Be7 6. 0-0 0-0 7. Re1 c6 8. a4 Qc7 9. h3 b6 10. Ba2 Ba6 11. d5 cxd5 12. Nxd5 Nxd5 13. Bxd5 Bb7 14. Bg5 Bxg5 15. Bxb7 Qxb7 16. Nxg5 h6 17. Nf3 Nf6 18. Qxd6 Nxe4 19. Qxe5 Rfe8 20. Qf4 Rac8 21. c3 Nc5 22. Rxe8+ Rxe8 23. b4 Ne6 24. Qd2 Rd8 25. Qe3 Qd7 26. a5 b5 27. h4 a6 28. Qb6 Nf4 29. Re1 Ra8 30. Qe3 Qg4 31. g3 Nd5 32. Qd3 Nc7 33. Re4 Qh5 34. Re5 Qg4 35. Re7 Ne6 36. Rxf7 Rd8 37. Qe3 Qh3 38. Re7 Rd1+ 39. Ne1 Nf8 40. Qe2 Rc1 41. Qd2 Ra1 42. Qd5+ Kh8 43. Re8 Kh7 44. Qe4+ Ng6 45. Re6 Rxe1+ 46. Qxe1 Qg4 47. Qe4 Qh5 48. g4 Qxh4 49. Qxg6+ Kg8 50. Re8# 1-0

[Event "Titled Tuesday intern op 02nd Apr Early"]
[Site "Chess.com INT"]
[Date "2024.04.02"]
[Round "4"]
[White "Rustamov, Rustam"]
[Black "Sahib, Singh"]
[Result "1-0"]
[WhiteElo "2261"]
[BlackElo "2290"]
[PlyCount "101"]
[EventDate "2024.04.02"]
[EventType "swiss (blitz)"]
[EventRounds "11"]
[EventCountry "USA"]
[SourceTitle "CB15_2024"]
[SourceDate "2024.04.10"]
[SourceVersion "1"]
[SourceVersionDate "2024.04.10"]
[SourceQuality "1"]

1. e4 e6 2. d4 d5 3. Nc3 Nf6 4. e5 Nfd7 5. f4 c5 6. Nf3 Nc6 7. Be3 Be7 8. Be2 b6 9. 0-0 0-0 10. Nb1 f6 11. c3 a5 12. Nbd2 a4 13. a3 Ba6 14. Bxa6 Rxa6 15. Qe2 c4 16. g4 fxe5 17. Nxe5 Ndxe5 18. fxe5 Bg5 19. Rxf8+ Kxf8 20. Rf1+ Kg8 21. Bxg5 Qxg5 22. Qf3 Qe7 23. Nxc4 Nxd4 24. cxd4 dxc4 25. Qc6 Qd8 26. Qxe6+ Kh8 27. d5 h5 28. d6 b5 29. Qf5 Qb6+ 30. Qf2 Qc6 31. Qf8+ Kh7 32. Qf5+ Kg8 33. gxh5 Qc5+ 34. Rf2 Qd4 35. Qf4 Qd1+ 36. Kg2 Qd5+ 37. Rf3 Ra7 38. Qf8+ Kh7 39. Qf5+ Kg8 40. h4 Rf7 41. Qc8+ Kh7 42. Qg4 Rxf3 43. Qxf3 Qxe5 44. d7 Qxb2+ 45. Kh3 Qd4 46. Qf5+ Kg8 47. Qe6+ Kh7 48. Qg6+ Kg8 49. Qe8+ Kh7 50. d8Q Qc3+ 51. Kg4 1-0

[Event "Titled Tuesday intern op 13th Feb Early"]
[Site "Chess.com INT"]
[Date "2024.02.13"]
[Round "6"]
[White "Sahib, Singh"]
[Black "Koridze, Lile"]
[Result "1-0"]
[WhiteElo "2290"]
[BlackElo "2167"]
[PlyCount "57"]
[EventDate "2024.02.13"]
[EventType "swiss (blitz)"]
[EventRounds "11"]
[EventCountry "USA"]
[SourceTitle "CB08_2024"]
[SourceDate "2024.02.21"]
[SourceVersion "1"]
[SourceVersionDate "2024.02.21"]
[SourceQuality "1"]

1. e4 c5 2. Nf3 d6 3. d4 cxd4 4. Nxd4 Nf6 5. Nc3 a6 6. Be3 e5 7. Nf3 h6 8. Bc4 Be7 9. 0-0 0-0 10. h3 Nc6 11. Re1 b5 12. Bb3 Bb7 13. Nd5 Nxd5 14. Bxd5 Na5 15. Bxb7 Nxb7 16. Qd5 Qc7 17. c3 Nc5 18. Bxc5 Qxc5 19. Qxc5 dxc5 20. Nxe5 Rac8 21. Rad1 Rfe8 22. Nd3 Bf8 23. e5 Red8 24. Nf4 Re8 25. Nd5 Re6 26. f4 g6 27. g4 Bg7 28. f5 Rxe5 29. Rxe5 1-0

[Event "Titled Tuesday intern op 06th Feb Early"]
[Site "Chess.com INT"]
[Date "2024.02.06"]
[Round "7"]
[White "Pujari, Rucha"]
[Black "Sahib, Singh"]
[Result "0-1"]
[WhiteElo "2071"]
[BlackElo "2290"]
[PlyCount "66"]
[EventDate "2024.02.06"]
[EventType "swiss (blitz)"]
[EventRounds "11"]
[EventCountry "USA"]
[SourceTitle "CB07_2024"]
[SourceDate "2024.02.14"]
[SourceVersion "1"]
[SourceVersionDate "2024.02.14"]
[SourceQuality "1"]

1. d4 d5 2. c4 e6 3. Nf3 c6 4. e3 Bd6 5. Nc3 f5 6. Bd3 Nf6 7. 0-0 0-0 8. Ne5 Bxe5 9. dxe5 Ng4 10. f4 d4 11. Ne2 dxe3 12. Qb3 Na6 13. Bc2 b5 14. cxb5 Rb8 15. a4 cxb5 16. axb5 Nc7 17. h3 Rxb5 18. Qc4 Nh6 19. Rxa7 Bb7 20. Nd4 Rb6 21. Bxe3 Nd5 22. Bf2 Rb4 23. Qc5 Qc8 24. Qxc8 Rxc8 25. Bd3 Nxf4 26. Bb1 Bxg2 27. Rd1 Bd5 28. Kh2 Rxb2 29. Kg3 Rc3+ 30. Kxf4 Rxf2+ 31. Kg5 Nf7+ 32. Kh4 g5+ 33. Kh5 Rxh3# 0-1

[Event "Titled Tuesday intern op 06th Feb Early"]
[Site "Chess.com INT"]
[Date "2024.02.06"]
[Round "3"]
[White "Yirik, Volkan"]
[Black "Sahib, Singh"]
[Result "0-1"]
[WhiteElo "1957"]
[BlackElo "2290"]
[PlyCount "100"]
[EventDate "2024.02.06"]
[EventType "swiss (blitz)"]
[EventRounds "11"]
[EventCountry "USA"]
[SourceTitle "CB07_2024"]
[SourceDate "2024.02.14"]
[SourceVersion "1"]
[SourceVersionDate "2024.02.14"]
[SourceQuality "1"]

1. e4 e6 2. Nc3 d5 3. d4 Nf6 4. Bg5 Bb4 5. exd5 Qxd5 6. Nf3 Ne4 7. Bd2 Bxc3 8. bxc3 Nxd2 9. Qxd2 0-0 10. Bd3 b6 11. 0-0 Bb7 12. Rfe1 Qh5 13. Be4 Bxe4 14. Rxe4 Nd7 15. Ne5 Nf6 16. Re3 Rfd8 17. Qe1 Qf5 18. Qe2 Rd6 19. Re1 Rad8 20. Rf3 Qh5 21. Qe3 Nd5 22. Qd3 f6 23. Nc4 Rc6 24. Rh3 Qf5 25. Qf1 Qxc2 26. Ne3 Qg6 27. c4 Nf4 28. Rg3 Qd3 29. Qxd3 Nxd3 30. Rd1 Nb2 31. Re1 Rxd4 32. h3 Nxc4 33. Ng4 Kf8 34. Rc3 e5 35. Rg3 Rc5 36. Kh2 Nd6 37. Ne3 Ne4 38. Rf3 Nd2 39. Rg3 g6 40. Ng4 Kg7 41. Rge3 Nc4 42. Rg3 Nd6 43. Ne3 Kf7 44. f3 h5 45. Re2 Rc3 46. Nc2 Rdc4 47. Ne3 Rxe3 48. Rxe3 Nf5 49. f4 exf4 50. Rc3 fxg3+ 0-1

[Event "Titled Tuesday intern op 16th Jan Early"]
[Site "Chess.com INT"]
[Date "2024.01.16"]
[Round "11"]
[White "Rottenwohrer Suarez, Juan"]
[Black "Sahib, Singh"]
[Result "0-1"]
[WhiteElo "2274"]
[BlackElo "2290"]
[PlyCount "62"]
[EventDate "2024.01.16"]
[EventType "swiss (blitz)"]
[EventRounds "11"]
[EventCountry "USA"]
[SourceTitle "CB04_2024"]
[SourceDate "2023.10.16"]
[SourceVersion "1"]
[SourceVersionDate "2023.10.16"]
[SourceQuality "1"]

1. e4 e6 2. d4 d5 3. e5 c5 4. c3 Qb6 5. Nf3 Nc6 6. Bd3 cxd4 7. 0-0 Bd7 8. Re1 Nge7 9. h4 h6 10. h5 Rc8 11. a3 a6 12. Qe2 Nf5 13. g4 Nfe7 14. Kg2 f6 15. Bf4 dxc3 16. Nxc3 Nd4 17. Nxd4 Qxd4 18. Bg3 Bc6 19. exf6 Qxf6 20. Kg1 Bd7 21. Bd6 Rc6 22. Be5 Qh4 23. Rad1 Rg8 24. Bh7 Rh8 25. Bc2 Rc4 26. f3 Nc6 27. Bg6+ Kd8 28. Bh2 Bc5+ 29. Kh1 Nd4 30. Qd3 Bd6 31. Rd2 Qxe1+ 0-1

[Event "Titled Tuesday intern op 16th Jan Early"]
[Site "Chess.com INT"]
[Date "2024.01.16"]
[Round "4"]
[White "Sahib, Singh"]
[Black "Willy, Stephen"]
[Result "1-0"]
[WhiteElo "2290"]
[BlackElo "1946"]
[PlyCount "79"]
[EventDate "2024.01.16"]
[EventType "swiss (blitz)"]
[EventRounds "11"]
[EventCountry "USA"]
[SourceTitle "CB04_2024"]
[SourceDate "2023.10.16"]
[SourceVersion "1"]
[SourceVersionDate "2023.10.16"]
[SourceQuality "1"]

1. e4 d5 2. exd5 Nf6 3. Nf3 Qxd5 4. Nc3 Qd6 5. d4 g6 6. g3 Bg7 7. Bg2 0-0 8. 0-0 Nc6 9. Bf4 Qd7 10. d5 Nb4 11. Ne5 Qd8 12. a3 Na6 13. Re1 Nc5 14. Qd2 Ncd7 15. Nb5 a6 16. Nxf7 Rxf7 17. Nxc7 Nh5 18. Nxa8 Nxf4 19. gxf4 Bh6 20. d6 exd6 21. Bd5 Nf6 22. Bxf7+ Kxf7 23. Qc3 Ne8 24. Nb6 Be6 25. Qe3 Qf6 26. Nd5 Bxd5 27. Qxe8+ Kg7 28. Qe7+ Bf7 29. Qxf6+ Kxf6 30. Re4 Bd5 31. Rd4 Bc6 32. Rxd6+ Kf5 33. Rxc6 bxc6 34. Rd1 Bxf4 35. Rd7 Be5 36. c3 h5 37. Ra7 Bf4 38. Rxa6 Bc1 39. Rxc6 Bxb2 40. a4 1-0

[Event "Titled Tuesday intern op 19th Dec Early"]
[Site "Chess.com INT"]
[Date "2023.12.19"]
[Round "7"]
[White "Tulchynskyi, Feliks"]
[Black "Sahib, Singh"]
[Result "1-0"]
[WhiteElo "2325"]
[BlackElo "2338"]
[PlyCount "131"]
[EventDate "2023.12.19"]
[EventType "swiss (blitz)"]
[EventRounds "11"]
[EventCountry "USA"]
[SourceTitle "CB52_2023"]
[SourceDate "2023.12.27"]
[SourceVersion "1"]
[SourceVersionDate "2023.12.27"]
[SourceQuality "1"]

1. d4 d5 2. c4 e6 3. Nc3 c6 4. e4 dxe4 5. Nxe4 Bb4+ 6. Nc3 c5 7. Be3 Nf6 8. a3 Bxc3+ 9. bxc3 0-0 10. Bd3 Qa5 11. Qd2 Rd8 12. Ne2 Nc6 13. h4 cxd4 14. cxd4 Qxd2+ 15. Kxd2 e5 16. Kc3 exd4+ 17. Nxd4 Ne5 18. Be2 Bg4 19. f3 Bd7 20. Rac1 Rac8 21. Kb3 Re8 22. Bf2 h5 23. Rhe1 Ng6 24. Bf1 a6 25. Rxe8+ Nxe8 26. Bg3 Ne7 27. Bd3 Nc6 28. Nxc6 Rxc6 29. Re1 Be6 30. Rc1 b5 31. Kb4 bxc4 32. Bxc4 a5+ 33. Kb5 Rc8 34. Bf4 Kf8 35. Bxe6 Rxc1 36. Bxc1 fxe6 37. Kxa5 Ke7 38. Bf4 Kd7 39. Be5 Nf6 40. Bxf6 gxf6 41. Kb5 f5 42. f4 Kd6 43. Kc4 Kc6 44. Kd4 Kb5 45. Ke5 Ka4 46. Kxe6 Kxa3 47. Kxf5 Kb4 48. Kg5 Kc3 49. Kxh5 Kd2 50. Kg5 Ke3 51. g4 Kf3 52. h5 Kg3 53. h6 Kh3 54. h7 Kg2 55. h8Q Kf3 56. Qh3+ Kf2 57. Kh4 Kg1 58. f5 Kf2 59. f6 Ke2 60. f7 Kd2 61. f8Q Ke1 62. Qe7+ Kd1 63. Qd6+ Kc1 64. Qc5+ Kb1 65. Qg1+ Kc2 66. Qgg2+ 1-0

[Event "Titled Tuesday intern op 12th Dec Early"]
[Site "Chess.com INT"]
[Date "2023.12.12"]
[Round "9"]
[White "Demchenko, Anton"]
[Black "Sahib, Singh"]
[Result "1-0"]
[WhiteElo "2609"]
[BlackElo "2338"]
[PlyCount "35"]
[EventDate "2023.12.12"]
[EventType "swiss (blitz)"]
[EventRounds "11"]
[EventCountry "USA"]
[SourceTitle "CB51_2023"]
[SourceDate "2023.12.20"]
[SourceVersion "1"]
[SourceVersionDate "2023.12.20"]
[SourceQuality "1"]

1. e4 e6 2. d4 d5 3. Nd2 c5 4. Ngf3 cxd4 5. exd5 Qxd5 6. Bc4 Qd6 7. 0-0 Nf6 8. Nb3 Nc6 9. Nbxd4 Nxd4 10. Nxd4 a6 11. Bb3 Qc7 12. Bg5 Bd7 13. Re1 0-0-0 14. Qf3 Bd6 15. Re3 Kb8 16. h3 Be5 17. Rxe5 Ba4 18. c3 1-0

[Event "Titled Tuesday intern op 12th Dec Early"]
[Site "Chess.com INT"]
[Date "2023.12.12"]
[Round "2"]
[White "Sahib, Singh"]
[Black "Donchenko, Anatoly G"]
[Result "1-0"]
[WhiteElo "2338"]
[BlackElo "2233"]
[PlyCount "61"]
[EventDate "2023.12.12"]
[EventType "swiss (blitz)"]
[EventRounds "11"]
[EventCountry "USA"]
[SourceTitle "CB51_2023"]
[SourceDate "2023.12.20"]
[SourceVersion "1"]
[SourceVersionDate "2023.12.20"]
[SourceQuality "1"]

1. e4 Nf6 2. e5 Nd5 3. c4 Nb6 4. d4 d6 5. exd6 exd6 6. Nc3 Nc6 7. h3 Be7 8. Nf3 0-0 9. Be3 Bf5 10. d5 Nb8 11. g4 Bg6 12. h4 h6 13. h5 Bh7 14. Qd2 Re8 15. 0-0-0 f6 16. Nd4 N8d7 17. Ne6 Qc8 18. f4 Nf8 19. f5 Nfd7 20. Ne4 Ne5 21. Bxh6 Nbxc4 22. Bxc4 Nxc4 23. Qf4 Bf8 24. Nxf6+ gxf6 25. Bxf8 Rxf8 26. Nxf8 Qxf8 27. Qxc4 c6 28. dxc6+ Kh8 29. cxb7 Rb8 30. Qc7 Bg8 31. Kb1 1-0